[Event "Open Portugal 2019"]
[Site "Lisboa POR"]
[Date "2019.02.03"]
[Round "3.51"]
[White "Roque, Armando"]
[Black "Real, Thibault"]
[Result "1-0"]
[WhiteElo "1946"]
[BlackElo "2211"]
[WhiteFideId "1939149"]
[BlackFideId "205559"]
[WhiteCountry "POR"]
[BlackCountry "BEL"]
[PlyCount "139"]
[EventDate "2019.02.02"]

1. d4 Nf6 2. c4 e6 3. Nf3 d5 4. cxd5 exd5 5. Bg5 Be7 6. Nc3 c6 7. e3 Bf5 8. Bd3
Bxd3 9. Qxd3 O-O 10. O-O Nbd7 11. Bxf6 Bxf6 12. b4 Be7 13. b5 Bd6 14. e4 dxe4
15. Nxe4 Nf6 16. bxc6 bxc6 17. Rac1 Rc8 18. Nxd6 Qxd6 19. Qc4 Nd5 20. g3 Rc7 21.
Rfe1 h6 22. Re5 Rd8 23. Rce1 Nf6 24. h3 Rb7 25. Rc5 Rb6 26. Ne5 Qe6 27. Qxe6
fxe6 28. Nxc6 Re8 29. Nxa7 Ra6 30. Nb5 Rxa2 31. Nc7 Rb8 32. Nxe6 Rbb2 33. Rc8+
Kh7 34. Nf8+ Kg8 35. Nd7+ Kh7 36. Nxf6+ gxf6 37. Re7+ Kg6 38. g4 Kg5 39. Rc5+
Kg6 40. Rf5 Rb4 41. Re6 Rxd4 42. Rfxf6+ Kg7 43. Rg6+ Kh7 44. Rxh6+ Kg7 45. Rhg6+
Kh7 46. Rgf6 Kg7 47. Rf3 Rdd2 48. Kg2 Rdc2 49. Kg3 Rd2 50. Ref6 Rd4 51. Kh4 Ra7
52. R6f5 Kg6 53. Rf6+ Kg7 54. Kg5 Rd5+ 55. R3f5 Rd4 56. h4 Kh7 57. Rf7+ Rxf7 58.
Rxf7+ Kg8 59. Rf5 Kg7 60. f4 Rd6 61. h5 Ra6 62. h6+ Kg8 63. Rf6 Ra8 64. Kg6 Kh8
65. Kh5 Kh7 66. g5 Kh8 67. g6 Kg8 68. h7+ Kh8 69. Kh6 Ra6 70. Rf8# 1-0

[Event "Open Portugal 2019"]
[Site "Lisboa POR"]
[Date "2019.02.03"]
[Round "3.52"]
[White "Vasques, António"]
[Black "Woithe, Daniel"]
[Result "1/2-1/2"]
[WhiteElo "2210"]
[BlackElo "1921"]
[WhiteFideId "1908332"]
[BlackFideId "16244648"]
[WhiteTitle "FM"]
[WhiteCountry "POR"]
[BlackCountry "GER"]
[PlyCount "158"]
[EventDate "2019.02.02"]

1. e4 e6 2. d4 d5 3. Nc3 Bb4 4. e5 Ne7 5. a3 Bxc3+ 6. bxc3 c5 7. Nf3 h6 8. Bd3
Qc7 9. h4 b6 10. h5 Ba6 11. Rh4 Bxd3 12. Qxd3 Nbc6 13. Rf4 Rc8 14. Ra2 cxd4 15.
cxd4 Na5 16. Qb5+ Qc6 17. a4 Nc4 18. Nd2 a6 19. Qb3 O-O 20. Ba3 Nxa3 21. Qxa3
Rc7 22. Rb2 f6 23. exf6 Rxf6 24. Rxf6 gxf6 25. Qg3+ Kh8 26. Qf4 Kg7 27. Qg4+ Kh7
28. Rb3 Rc8 29. Re3 f5 30. Qh4 Ng8 31. c3 Rc7 32. Rg3 Qd6 33. Ke2 Rg7 34. Rxg7+
Kxg7 35. Nf3 Nf6 36. Ne5 Ne4 37. f3 Ng5 38. Qg3 Qa3 39. f4 Qb2+ 40. Kf1 Qc1+ 41.
Kf2 Qd2+ 42. Kg1 Qd1+ 43. Kf2 Qd2+ 44. Kf1 Qd1+ 45. Qe1 Qxe1+ 46. Kxe1 Ne4 47.
Nd7 b5 48. a5 Nxc3 49. Nc5 Kf7 50. Nxa6 Ke7 51. Nc5 b4 52. Nd3 Kd6 53. Nxb4 Nb5
54. Nc2 Kc7 55. Kd2 Kb7 56. Kd3 Ka6 57. Nb4+ Kxa5 58. Nc6+ Kb6 59. Nd8 Nd6 60.
Nxe6 Kc6 61. Nf8 Ne4 62. Ng6 Kd6 63. Ke3 Nf6 64. Ne5 Ke6 65. Kf3 Nxh5 66. g4 Nf6
67. g5 hxg5 68. fxg5 Nh5 69. Nd3 Kf7 70. Ne5+ Ke6 71. Nd3 Kf7 72. Nb4 Kg6 73.
Nxd5 Kxg5 74. Ne7 Kf6 75. Nxf5 Kxf5 76. d5 Ke5 77. d6 Ke6 78. Kg4 Kd7 79. Kxh5
Kxd6 1/2-1/2

[Event "Open Portugal 2019"]
[Site "Lisboa POR"]
[Date "2019.02.03"]
[Round "3.53"]
[White "Ladisic, Alex-Sacha"]
[Black "Fidalgo, André"]
[Result "0-1"]
[WhiteElo "1934"]
[BlackElo "2204"]
[WhiteFideId "610631"]
[BlackFideId "1933620"]
[BlackTitle "NM"]
[WhiteCountry "FRA"]
[BlackCountry "POR"]
[PlyCount "45"]
[EventDate "2019.02.02"]

1. e4 c5 2. Nf3 Nc6 3. d4 cxd4 4. Nxd4 g6 5. Nc3 Bg7 6. Be3 Nf6 7. Be2 O-O 8.
O-O d5 9. exd5 Nxd5 10. Nxd5 Qxd5 11. Bf3 Qa5 12. Nxc6 bxc6 13. c3 Rb8 14. Qc1
Qc7 15. b4 Rd8 16. Rd1 Rxd1+ 17. Bxd1 a5 18. a3 Qe5 19. Bd2 axb4 20. axb4 Rxb4
21. Ra8 Rb8 22. Qa3 Bf8 23. Ra4 0-1

[Event "Open Portugal 2019"]
[Site "Lisboa POR"]
[Date "2019.02.03"]
[Round "3.54"]
[White "Martins, Bruno"]
[Black "Marques, Ricardo T T"]
[Result "1-0"]
[WhiteElo "2204"]
[BlackElo "1911"]
[WhiteFideId "1942255"]
[BlackFideId "1949438"]
[WhiteTitle "NM"]
[WhiteCountry "POR"]
[BlackCountry "POR"]
[PlyCount "69"]
[EventDate "2019.02.02"]

1. e4 c5 2. Nf3 Nc6 3. d4 cxd4 4. Nxd4 Nf6 5. Nc3 e5 6. Ndb5 d6 7. Bg5 a6 8. Na3
b5 9. Nd5 Be7 10. Bxf6 Bxf6 11. c4 b4 12. Nc2 a5 13. Be2 O-O 14. O-O Bg5 15. Qd3
Kh8 16. Rfd1 Be6 17. b3 g6 18. Bf3 Ra7 19. a3 bxa3 20. Nxa3 Nd4 21. Nb5 Nxb5 22.
cxb5 f5 23. b6 Rd7 24. Nc7 Bg8 25. Rxa5 fxe4 26. Bxe4 Qf6 27. Qf3 Bxb3 28. Qxf6+
Bxf6 29. Rb1 Bg8 30. Nd5 Bxd5 31. Bxd5 Rb8 32. b7 Bd8 33. Ra8 Bc7 34. Rc1 Kg7
35. g3 1-0

[Event "Open Portugal 2019"]
[Site "Lisboa POR"]
[Date "2019.02.03"]
[Round "3.55"]
[White "Moretti, Filippo"]
[Black "Nielsen, André"]
[Result "1/2-1/2"]
[WhiteElo "1928"]
[BlackElo "2201"]
[WhiteFideId "2805001"]
[BlackFideId "1518240"]
[BlackTitle "FM"]
[WhiteCountry "ITA"]
[BlackCountry "NOR"]
[PlyCount "80"]
[EventDate "2019.02.02"]

1. e4 e5 2. Nf3 Nc6 3. d4 exd4 4. Nxd4 Nf6 5. Nxc6 bxc6 6. Bd3 d6 7. O-O Be7 8.
Nc3 O-O 9. Ne2 c5 10. Ng3 Re8 11. b3 Nd7 12. Bb2 Bf6 13. Bxf6 Qxf6 14. Nh5 Qh6
15. f4 Bb7 16. Qf3 g6 17. Qg4 Bc8 18. Ng3 Ne5 19. Qe2 Nxd3 20. Qxd3 Bb7 21. Rae1
Qg7 22. Re2 Qd4+ 23. Qxd4 cxd4 24. Rd1 c5 25. c3 dxc3 26. Rxd6 Rad8 27. Rxd8
Rxd8 28. Rc2 Rd3 29. Kf2 f6 30. Ne2 Bxe4 31. Nxc3 Bf5 32. Na4 Rxb3 33. axb3 Bxc2
34. Nxc5 Kf7 35. Ke3 Ke7 36. Kd4 Kd6 37. b4 Bf5 38. Na4 Bd7 39. Nc3 Bc6 40. g3
a6 1/2-1/2

[Event "Open Portugal 2019"]
[Site "Lisboa POR"]
[Date "2019.02.03"]
[Round "3.56"]
[White "Álvarez Serrano, Carlos"]
[Black "Partoens, Remi"]
[Result "1-0"]
[WhiteElo "2201"]
[BlackElo "1904"]
[WhiteFideId "22238689"]
[BlackFideId "237108"]
[WhiteCountry "ESP"]
[BlackCountry "BEL"]
[PlyCount "57"]
[EventDate "2019.02.02"]

1. d4 Nf6 2. Nf3 c5 3. c4 e6 4. Nc3 d5 5. cxd5 exd5 6. g3 Nc6 7. Bg2 Be7 8. O-O
O-O 9. b3 Re8 10. Bb2 cxd4 11. Nxd4 Bg4 12. h3 Bh5 13. Nf5 Bf8 14. Re1 Bg6 15.
Nd4 Bc5 16. Na4 Bxd4 17. Bxd4 Nb4 18. Rf1 Nc2 19. Bxf6 Qxf6 20. Rc1 Rac8 21.
Qxd5 Rcd8 22. Qxb7 Nd4 23. Nc3 Re7 24. Qb4 Rxe2 25. Nd5 Nf3+ 26. Bxf3 Qxf3 27.
Ne7+ Kh8 28. Nxg6+ hxg6 29. Qh4+ 1-0

[Event "Open Portugal 2019"]
[Site "Lisboa POR"]
[Date "2019.02.03"]
[Round "3.57"]
[White "Casagrande, Federico"]
[Black "Costa, Paulo"]
[Result "0-1"]
[WhiteElo "1911"]
[BlackElo "2200"]
[WhiteFideId "2827137"]
[BlackFideId "1900900"]
[BlackTitle "NM"]
[WhiteCountry "ITA"]
[BlackCountry "POR"]
[PlyCount "54"]
[EventDate "2019.02.02"]

1. d4 Nf6 2. c4 e6 3. Nf3 Bb4+ 4. Nbd2 O-O 5. e3 Re8 6. Bd3 Bf8 7. O-O d6 8. e4
e5 9. d5 a5 10. b3 g6 11. Ba3 Na6 12. Qc2 Bd7 13. Rfb1 b6 14. b4 axb4 15. Bxb4
Nxb4 16. Rxb4 Ra3 17. Nb1 Ra5 18. Nc3 Bg4 19. Nd2 Bh6 20. Nb3 Ra8 21. a4 Nh5 22.
a5 bxa5 23. Rxa5 Rxa5 24. Nxa5 c5 25. Nc6 Qg5 26. Rb1 Nf4 27. Ne2 Bxe2 0-1

[Event "Open Portugal 2019"]
[Site "Lisboa POR"]
[Date "2019.02.03"]
[Round "3.58"]
[White "Li, Yunshan"]
[Black "Morais, Vítor"]
[Result "1-0"]
[WhiteElo "2196"]
[BlackElo "1898"]
[WhiteFideId "8607664"]
[BlackFideId "1900552"]
[WhiteTitle "WFM"]
[BlackTitle "NM"]
[WhiteCountry "CHN"]
[BlackCountry "POR"]
[PlyCount "83"]
[EventDate "2019.02.02"]

1. d4 Nf6 2. Nf3 g6 3. Nbd2 Bg7 4. e4 d6 5. Bd3 O-O 6. O-O c5 7. c3 cxd4 8. cxd4
Nc6 9. Nb3 Bd7 10. a3 Rc8 11. Bf4 Nh5 12. Be3 a6 13. Qe2 e5 14. dxe5 Nxe5 15.
Nxe5 dxe5 16. g3 Qe7 17. Na5 Bh3 18. Rfd1 Rfd8 19. Nc4 Be6 20. Rac1 h6 21. b4
Kh7 22. Kh1 b5 23. Nb6 Rxc1 24. Rxc1 Qb7 25. Bc5 f5 26. Kg1 f4 27. a4 bxa4 28.
Bxa6 f3 29. Qf1 Qxe4 30. Nxa4 Rd2 31. Be3 Rc2 32. Nc5 Rxc1 33. Qxc1 Qg4 34. Nxe6
Qxe6 35. Bf1 e4 36. b5 Nf6 37. Qc6 Qb3 38. Bd4 e3 39. Bxe3 Nd5 40. Ba7 Qa2 41.
Qd7 h5 42. Bd4 1-0

[Event "Open Portugal 2019"]
[Site "Lisboa POR"]
[Date "2019.02.03"]
[Round "3.59"]
[White "Ermeni, Avni"]
[Black "Takvorian, Richard"]
[Result "1-0"]
[WhiteElo "2194"]
[BlackElo "1898"]
[WhiteFideId "912840"]
[BlackFideId "663646"]
[WhiteTitle "FM"]
[WhiteCountry "KOS"]
[BlackCountry "FRA"]
[PlyCount "55"]
[EventDate "2019.02.02"]

1. c4 c5 2. Nc3 Nc6 3. g3 Nf6 4. Bg2 e6 5. Nf3 Be7 6. O-O O-O 7. d4 cxd4 8. Nxd4
d5 9. cxd5 exd5 10. Bf4 a6 11. Rc1 Qb6 12. Nxc6 bxc6 13. Qc2 Bb7 14. Rfd1 Rac8
15. a3 Rfd8 16. Be5 Qa7 17. Bd4 Qb8 18. Na4 Nd7 19. b4 Ba8 20. e4 h6 21. Bh3 Qb7
22. e5 Rb8 23. e6 fxe6 24. Bxe6+ Kh8 25. Qg6 Bf6 26. Bxd7 Bxd4 27. Bf5 Bf6 28.
Qh7# 1-0

[Event "Open Portugal 2019"]
[Site "Lisboa POR"]
[Date "2019.02.03"]
[Round "3.61"]
[White "Damasceno, Jorge"]
[Black "Santos, José Gulherme"]
[Result "0-1"]
[WhiteElo "1890"]
[BlackElo "2191"]
[WhiteFideId "1900960"]
[BlackFideId "1939300"]
[WhiteCountry "POR"]
[BlackCountry "POR"]
[PlyCount "68"]
[EventDate "2019.02.02"]

1. Nf3 c5 2. e4 d6 3. d4 cxd4 4. c3 Nf6 5. Bd3 dxc3 6. Nxc3 Nc6 7. O-O e6 8. Qe2
Be7 9. Rd1 Qc7 10. Bf4 e5 11. Nd5 Nxd5 12. exd5 Nb4 13. Bb5+ Kf8 14. Rac1 Qd8
15. a3 exf4 16. axb4 g6 17. Re1 Bf6 18. Qc4 Kg7 19. Qxf4 Bxb2 20. Rc2 Bf6 21.
Rce2 Bd7 22. Bd3 Ba4 23. Nd4 Qb6 24. Ra2 Bd7 25. Nf3 Rhe8 26. Rxe8 Rxe8 27. h4
Be5 28. Nxe5 Rxe5 29. Re2 Rxd5 30. Re7 Be6 31. Be2 Rf5 32. Qe3 Qxb4 33. Bf3 Re5
34. Qxa7 Re1+ 0-1

[Event "Open Portugal 2019"]
[Site "Lisboa POR"]
[Date "2019.02.03"]
[Round "3.62"]
[White "Lindbøl, Aleksander"]
[Black "Simões, Miguel"]
[Result "0-1"]
[WhiteElo "2190"]
[BlackElo "1881"]
[WhiteFideId "1520644"]
[BlackFideId "1946307"]
[WhiteCountry "NOR"]
[BlackCountry "POR"]
[PlyCount "84"]
[EventDate "2019.02.02"]

1. c4 e5 2. g3 Nf6 3. Bg2 g6 4. Nc3 Bg7 5. Nf3 Nc6 6. O-O O-O 7. d3 d6 8. Rb1 a5
9. a3 Bg4 10. b4 axb4 11. axb4 Qc8 12. b5 Ne7 13. Re1 Ne8 14. Bb2 f5 15. Qb3 Kh8
16. Ra1 Rxa1 17. Rxa1 f4 18. Ne4 Nf6 19. Nxf6 Rxf6 20. Ra7 Rf8 21. Qa3 fxg3 22.
hxg3 Nf5 23. c5 h5 24. c6 bxc6 25. bxc6 h4 26. Qb4 Bxf3 27. Bxf3 hxg3 28. fxg3
Qd8 29. Qg4 Kh7 30. Bc1 d5 31. Bg5 Qd6 32. Kg2 Re8 33. e4 Nd4 34. exd5 Nxf3 35.
Qxf3 Rf8 36. Qe4 Qc5 37. Be3 Qc2+ 38. Kh3 Rf5 39. g4 Rf1 40. Rxc7 Qd1 41. Kh4
Rh1+ 42. Kg5 Rh5+ 0-1

[Event "Open Portugal 2019"]
[Site "Lisboa POR"]
[Date "2019.02.03"]
[Round "3.63"]
[White "Newton, Andrew"]
[Black "Maisuradze, Nino"]
[Result "0-1"]
[WhiteElo "1883"]
[BlackElo "2186"]
[WhiteFideId "2403285"]
[BlackFideId "13601717"]
[BlackTitle "WGM"]
[WhiteCountry "SCO"]
[BlackCountry "FRA"]
[PlyCount "104"]
[EventDate "2019.02.02"]

1. e4 c5 2. Nf3 Nc6 3. d4 cxd4 4. Nxd4 e5 5. Nb5 d6 6. c4 Be7 7. N5c3 Nf6 8. Bd3
O-O 9. O-O Nd7 10. Nd5 Bg5 11. Nbc3 Bxc1 12. Qxc1 Nc5 13. Rd1 Nd4 14. b4 Nxd3
15. Rxd3 Be6 16. Qd2 Rc8 17. Rxd4 exd4 18. Qxd4 a6 19. a4 Bxd5 20. Nxd5 Re8 21.
a5 Qh4 22. f3 f5 23. Nb6 Rc7 24. Qxd6 Rf7 25. e5 f4 26. Nd5 Rf5 27. e6 Rh5 28.
h3 Rg5 29. Nxf4 Rf5 30. Nd5 Qd4+ 31. Kh2 Qxa1 32. Ne7+ Rxe7 33. Qxe7 Qf6 34. Qd7
Re5 35. Qc8+ Qf8 36. Qxb7 Qf4+ 37. Kg1 Qc1+ 38. Kh2 Qf4+ 39. Kg1 Re1+ 40. Kf2
Qe3+ 41. Kg3 Qe5+ 42. Kf2 Qe3+ 43. Kg3 Qxe6 44. Qa8+ Kf7 45. Qb7+ Kg6 46. Qb6
Kf5 47. Kf2 Re2+ 48. Kf1 Rc2 49. Qc5+ Kg6 50. Qb6 Qxb6 51. axb6 Rxc4 52. b7 Rxb4
0-1

[Event "Open Portugal 2019"]
[Site "Lisboa POR"]
[Date "2019.02.03"]
[Round "3.64"]
[White "Kubicka, Anna"]
[Black "Serafim Junior, Arnor"]
[Result "1-0"]
[WhiteElo "2186"]
[BlackElo "1876"]
[WhiteFideId "1152254"]
[BlackFideId "2130750"]
[WhiteTitle "WIM"]
[WhiteCountry "POL"]
[BlackCountry "BRA"]
[PlyCount "67"]
[EventDate "2019.02.02"]

1. e4 c5 2. Ne2 e6 3. d4 cxd4 4. Nxd4 a6 5. Bd3 Nc6 6. Nxc6 dxc6 7. O-O e5 8.
Nc3 Nf6 9. Bg5 Be7 10. Qe2 O-O 11. h3 b5 12. a3 h6 13. Bh4 Bb7 14. Na2 c5 15.
Bxf6 Bxf6 16. c4 Qd4 17. Rfd1 Rfd8 18. Nc3 Rac8 19. Qc2 Qd6 20. cxb5 axb5 21.
Bxb5 Qb6 22. Bc4 Rd4 23. Bd5 Ba6 24. Ne2 Rxd1+ 25. Rxd1 Rb8 26. b3 Bh4 27. Nc3
Qg6 28. Na4 Bc8 29. Qc3 Be7 30. Qxe5 Bd6 31. Bxf7+ Qxf7 32. Rxd6 Qxb3 33. Rd8+
Kh7 34. Nxc5 1-0

[Event "Open Portugal 2019"]
[Site "Lisboa POR"]
[Date "2019.02.03"]
[Round "3.65"]
[White "Morejko, Wojciech"]
[Black "Tscharotschkin, Michael"]
[Result "0-1"]
[WhiteElo "1879"]
[BlackElo "2178"]
[WhiteFideId "16247582"]
[BlackFideId "4619510"]
[WhiteCountry "GER"]
[BlackCountry "GER"]
[PlyCount "70"]
[EventDate "2019.02.02"]

1. d4 d5 2. c4 e6 3. g3 Nf6 4. Bg2 c6 5. Nf3 Ne4 6. O-O Bd6 7. Nc3 Nxc3 8. bxc3
Nd7 9. cxd5 exd5 10. Qd3 Nf6 11. Bg5 O-O 12. c4 dxc4 13. Qxc4 Be6 14. Qc2 Be7
15. Rab1 Nd5 16. Bxe7 Qxe7 17. Rfc1 Rfe8 18. Rb2 f6 19. e4 Nb6 20. Rcb1 Rad8 21.
a4 Rd7 22. h3 Nc4 23. Kh1 Nxb2 24. Rxb2 Bf7 25. e5 Bd5 26. exf6 gxf6 27. Nh4
Bxg2+ 28. Nxg2 Rxd4 29. Nh4 Rxh4 30. gxh4 Qe5 31. Kg2 Qd5+ 32. Kh2 Qe5+ 33. Kg1
Re7 34. Qb3+ Kh8 35. f3 Qg3+ 0-1

[Event "Open Portugal 2019"]
[Site "Lisboa POR"]
[Date "2019.02.03"]
[Round "3.66"]
[White "Santos, António P"]
[Black "Hansen, Verner"]
[Result "1-0"]
[WhiteElo "2162"]
[BlackElo "1874"]
[WhiteFideId "1900161"]
[BlackFideId "1425285"]
[WhiteTitle "FM"]
[WhiteCountry "POR"]
[BlackCountry "DEN"]
[PlyCount "139"]
[EventDate "2019.02.02"]

1. d4 d5 2. Nf3 Nf6 3. c4 e6 4. g3 c5 5. Bg2 Nc6 6. O-O cxd4 7. Nxd4 Bc5 8. Nb3
Be7 9. cxd5 exd5 10. Nc3 Be6 11. Be3 O-O 12. Nd4 Qd7 13. Nxc6 bxc6 14. Na4 Rab8
15. b3 Rb5 16. Rc1 Rc8 17. Bc5 Bd8 18. Qd4 Qb7 19. Rfd1 Bb6 20. e4 Rd8 21. Bxb6
axb6 22. b4 Rc8 23. Nc3 c5 24. bxc5 bxc5 25. Qd3 c4 26. Qd4 Rbc5 27. exd5 Bd7
28. h3 Qa7 29. Re1 Ra5 30. Qd2 Qc5 31. g4 h6 32. Re3 Re8 33. Rce1 Rxe3 34. Qxe3
Qxe3 35. fxe3 Ne8 36. e4 f6 37. a4 Nd6 38. Rb1 Kf7 39. Rb4 Kg6 40. Kf2 h5 41.
gxh5+ Kxh5 42. Kg3 Kg5 43. h4+ Kg6 44. Bf1 Rc5 45. Kf4 Kf7 46. Ke3 Rc8 47. Kd4
Rh8 48. Bxc4 Rxh4 49. Bb5 Bf5 50. Bd3 Bxe4 51. Bxe4 f5 52. Kc5 Ke7 53. a5 fxe4
54. Nxe4 Rh5 55. Kd4 Nxe4 56. Rb7+ Kd6 57. Rb6+ Kd7 58. Kxe4 Rh4+ 59. Ke5 Rh5+
60. Kd4 Rh4+ 61. Kc5 Ra4 62. a6 Ra5+ 63. Kd4 g5 64. Rg6 g4 65. Ke5 Ke7 66. Rg7+
Kf8 67. Ra7 g3 68. Kf6 Ke8 69. Ke6 Kd8 70. d6 1-0

[Event "Open Portugal 2019"]
[Site "Lisboa POR"]
[Date "2019.02.03"]
[Round "3.67"]
[White "Reis, Luís Sousa"]
[Black "Marques, Pedro Godinho"]
[Result "1-0"]
[WhiteElo "2146"]
[BlackElo "1848"]
[WhiteFideId "1900609"]
[BlackFideId "1928414"]
[WhiteTitle "NM"]
[WhiteCountry "POR"]
[BlackCountry "POR"]
[PlyCount "53"]
[EventDate "2019.02.02"]

1. d4 d5 2. c4 e6 3. Nc3 c5 4. cxd5 exd5 5. dxc5 d4 6. Ne4 Bxc5 7. Nxc5 Qa5+ 8.
Bd2 Qxc5 9. Rc1 Qf5 10. Nf3 Nc6 11. Qa4 Qd5 12. e3 dxe3 13. fxe3 Nge7 14. Bc4
Qh5 15. O-O O-O 16. e4 h6 17. Qb3 Na5 18. Bxa5 Qxa5 19. Nd4 Qh5 20. Rxf7 Rxf7
21. Rf1 Be6 22. Bxe6 Raf8 23. h3 g5 24. Qxb7 Kg7 25. Bxf7 Rxf7 26. Rxf7+ Kxf7
27. Nf5 1-0

[Event "Open Portugal 2019"]
[Site "Lisboa POR"]
[Date "2019.02.03"]
[Round "3.68"]
[White "Gonçalves, Gabriel"]
[Black "Pérez García, Roberto"]
[Result "1/2-1/2"]
[WhiteElo "1845"]
[BlackElo "2141"]
[WhiteFideId "1945610"]
[BlackFideId "2217708"]
[WhiteCountry "POR"]
[BlackCountry "ESP"]
[PlyCount "65"]
[EventDate "2019.02.02"]

1. e4 c5 2. Nc3 d6 3. g3 g6 4. Bg2 Bg7 5. Nge2 Nc6 6. d3 Rb8 7. O-O b5 8. f4 b4
9. Nb1 Nd4 10. Nd2 Bg4 11. Nf3 Nxf3+ 12. Bxf3 Bxf3 13. Rxf3 Nf6 14. a4 a5 15.
Rb1 O-O 16. b3 Qb6 17. Kg2 Qb7 18. Bb2 Nd7 19. Bxg7 Kxg7 20. g4 d5 21. exd5 Qxd5
22. Ng3 Rbe8 23. Qe2 e5 24. f5 f6 25. Ne4 Qd4 26. Qd2 Nb6 27. Rh3 g5 28. Nxg5
fxg5 29. Qxg5+ Kh8 30. Rxh7+ Kxh7 31. Qh5+ Kg8 32. Qg6+ Kh8 33. Qh6+ 1/2-1/2

[Event "Open Portugal 2019"]
[Site "Lisboa POR"]
[Date "2019.02.03"]
[Round "3.69"]
[White "Ferreira, Hugo"]
[Black "Gomes, José Luis"]
[Result "1-0"]
[WhiteElo "2136"]
[BlackElo "1844"]
[WhiteFideId "1915940"]
[BlackFideId "1901710"]
[WhiteCountry "POR"]
[BlackCountry "POR"]
[PlyCount "127"]
[EventDate "2019.02.02"]

1. d4 d5 2. c4 c6 3. Nf3 Nf6 4. g3 g6 5. Bg2 Bg7 6. O-O O-O 7. b3 Bg4 8. Nbd2
Nbd7 9. Bb2 Re8 10. Ne5 Be6 11. Nd3 Bf5 12. Re1 Ne4 13. f3 Nxd2 14. Qxd2 Bxd3
15. Qxd3 dxc4 16. Qxc4 e5 17. Rad1 Qb6 18. e4 Rad8 19. f4 exd4 20. e5 Bxe5 21.
fxe5 Nxe5 22. Qf1 d3+ 23. Qf2 Qxf2+ 24. Kxf2 Ng4+ 25. Kf3 Nxh2+ 26. Kf4 Rxe1 27.
Rxe1 h5 28. Bf6 d2 29. Rd1 Rd3 30. Be4 Rd7 31. Bc3 f5 32. Bc2 Kf7 33. Rxd2 Rxd2
34. Bxd2 Ng4 35. b4 Nf6 36. Ke5 Ne8 37. Bb3+ Kg7 38. Be3 b6 39. a4 Nf6 40. Bd4
Ne4 41. a5 Nd2 42. Kd6+ Kf8 43. Be6 c5 44. bxc5 Ne4+ 45. Kd5 bxc5 46. Bxc5+ Nxc5
47. Kxc5 Ke7 48. Bd5 g5 49. Kc6 g4 50. Kb7 f4 51. gxf4 h4 52. Bg2 h3 53. Bf1 Kf6
54. Kxa7 Kf5 55. a6 Kxf4 56. Kb6 Kf3 57. a7 Kf2 58. Bxh3 gxh3 59. a8=Q Kg1 60.
Qg8+ Kf2 61. Qh7 Kg2 62. Qe4+ Kg1 63. Qg4+ Kh2 64. Kc5 1-0

[Event "Open Portugal 2019"]
[Site "Lisboa POR"]
[Date "2019.02.03"]
[Round "3.70"]
[White "Marcos Herrero, Francisco"]
[Black "Lisowski, Krzysztof"]
[Result "0-1"]
[WhiteElo "1837"]
[BlackElo "2135"]
[WhiteFideId "2279045"]
[BlackFideId "1110969"]
[WhiteCountry "ESP"]
[BlackCountry "POL"]
[PlyCount "58"]
[EventDate "2019.02.02"]

1. Nf3 Nf6 2. c4 e6 3. g3 d5 4. d4 Bb4+ 5. Bd2 Be7 6. Bg2 O-O 7. O-O c6 8. Qc2
Nbd7 9. Bf4 Ne4 10. Nbd2 g5 11. Be3 Nd6 12. Rfd1 b6 13. Rac1 Ba6 14. b3 Rc8 15.
Ne5 Nxe5 16. dxe5 Nf5 17. Nf1 Nxe3 18. Nxe3 f5 19. exf6 Bxf6 20. Bh3 Qe7 21.
cxd5 cxd5 22. Nxd5 exd5 23. Bxc8 Bxc8 24. Qc7 Qxe2 25. Re1 Qxa2 26. Qd6 Qd2 27.
Rcd1 Qxf2+ 28. Kxf2 Be7+ 29. Qf4 Bc5+ 0-1

[Event "Open Portugal 2019"]
[Site "Lisboa POR"]
[Date "2019.02.03"]
[Round "3.71"]
[White "Eggert, Alberto"]
[Black "Santos, Isabel P"]
[Result "1-0"]
[WhiteElo "2132"]
[BlackElo "1825"]
[WhiteFideId "4139500"]
[BlackFideId "1921681"]
[WhiteCountry "RUS"]
[BlackCountry "POR"]
[PlyCount "37"]
[EventDate "2019.02.02"]

1. e4 c6 2. d4 d5 3. Nc3 dxe4 4. Nxe4 Nd7 5. Ng5 e6 6. Bd3 Ngf6 7. N1f3 h6 8.
Nxe6 Qe7 9. O-O fxe6 10. Re1 Nd5 11. c4 Nc7 12. Bf4 Kd8 13. Rc1 Qf7 14. Bg3 g5
15. d5 exd5 16. cxd5 Nxd5 17. Nd4 N7b6 18. Rxc6 Bg7 19. Bg6 1-0

[Event "Open Portugal 2019"]
[Site "Lisboa POR"]
[Date "2019.02.03"]
[Round "3.72"]
[White "Hestvik, Elias"]
[Black "Dias, Ricardo"]
[Result "1/2-1/2"]
[WhiteElo "1825"]
[BlackElo "2128"]
[WhiteFideId "1534904"]
[BlackFideId "1930060"]
[WhiteCountry "NOR"]
[BlackCountry "POR"]
[PlyCount "102"]
[EventDate "2019.02.02"]

1. e4 e5 2. Nf3 Nc6 3. Nc3 Nf6 4. Bb5 Bb4 5. O-O O-O 6. d3 d6 7. Bg5 Bxc3 8.
bxc3 Qe7 9. Re1 Nd8 10. Qe2 Ne6 11. Bc1 c5 12. Ng5 Nc7 13. a4 Nxb5 14. axb5 Bg4
15. Nf3 Nd7 16. h3 Bh5 17. g4 Bg6 18. Be3 a5 19. Nd2 f6 20. f4 Bf7 21. c4 exf4
22. Bxf4 Ne5 23. Bxe5 dxe5 24. Nf1 Qd7 25. Qf3 Be6 26. Ng3 g6 27. Kh2 Kh8 28.
Qe3 Qd4 29. Qxd4 cxd4 30. Kg1 Kg7 31. Ra2 Kf7 32. Ra3 Ke7 33. Rea1 b6 34. Rf1
Kd6 35. Kg2 Kc5 36. Ra2 Rf7 37. Kh2 Raf8 38. Raa1 h6 39. Rf2 Kb4 40. Rb1+ Kc5
41. Rbf1 a4 42. Rb1 f5 43. exf5 gxf5 44. gxf5 Kd6 45. Ne4+ Kc7 46. f6 a3 47. Ra1
Ra8 48. Rg2 Kd7 49. Rf2 Kc7 50. Rg2 Kd7 51. Rf2 Kc7 1/2-1/2

[Event "Open Portugal 2019"]
[Site "Lisboa POR"]
[Date "2019.02.03"]
[Round "3.73"]
[White "Bruaset, Eivind"]
[Black "Aguiar, Carlos"]
[Result "1-0"]
[WhiteElo "2124"]
[BlackElo "1822"]
[WhiteFideId "1515276"]
[BlackFideId "1902571"]
[WhiteCountry "NOR"]
[BlackCountry "POR"]
[PlyCount "125"]
[EventDate "2019.02.02"]

1. e4 c5 2. Nf3 d6 3. d4 cxd4 4. Nxd4 Nf6 5. Nc3 a6 6. h3 e6 7. g4 h6 8. Bg2 Be7
9. Be3 Qc7 10. Qd2 Nc6 11. f4 Bd7 12. O-O-O Na5 13. Qe2 Nc4 14. Kb1 Rc8 15. Bc1
b5 16. Rd3 b4 17. Nd1 a5 18. Ne3 Nxe3 19. Rxe3 Qc4 20. Qe1 a4 21. h4 h5 22. gxh5
Nxh5 23. Rd3 e5 24. fxe5 dxe5 25. Nf5 Bxf5 26. exf5 Nf4 27. Bxf4 Qxf4 28. Rf1
Qc4 29. Rg1 Bf6 30. Bd5 Qc5 31. h5 Ke7 32. Rg4 Rhd8 33. Qd2 Rb8 34. Qg2 Qa5 35.
Qd2 Qb6 36. Qg2 Rd6 37. b3 a3 38. Qd2 Qc5 39. Be4 Rbd8 40. Bf3 Rxd3 41. cxd3 Rd4
42. Be4 Rd7 43. Qc2 Qxc2+ 44. Kxc2 Rc7+ 45. Kd2 Kd6 46. Bf3 Ra7 47. Rxb4 Bg5+
48. Kc3 Bc1 49. Rb6+ Kc7 50. Rb5 Kd6 51. Rd5+ Kc7 52. Kc4 Bb2 53. b4 Ra6 54. Kb5
Rb6+ 55. Ka5 Bd4 56. b5 Bc3+ 57. Ka4 Bb2 58. Rc5+ Kd6 59. Rc8 Kd7 60. Rg8 Kd6
61. Be4 f6 62. Rxg7 Rb8 63. Rf7 1-0

[Event "Open Portugal 2019"]
[Site "Lisboa POR"]
[Date "2019.02.03"]
[Round "3.74"]
[White "Maloberti, David"]
[Black "Chingüün, Bayaraa"]
[Result "1-0"]
[WhiteElo "2121"]
[BlackElo "1817"]
[WhiteFideId "620149"]
[BlackFideId "2076608"]
[BlackTitle "CM"]
[WhiteCountry "FRA"]
[BlackCountry "MGL"]
[PlyCount "137"]
[EventDate "2019.02.02"]

1. d4 Nf6 2. c4 g6 3. Nc3 d5 4. cxd5 Nxd5 5. e4 Nxc3 6. bxc3 Bg7 7. Bc4 c5 8.
Be3 Nc6 9. Ne2 O-O 10. O-O Bg4 11. f3 Bd7 12. Rb1 Qc7 13. Qd2 Rad8 14. d5 Na5
15. Bd3 e5 16. c4 b6 17. Bh6 f5 18. Bxg7 Kxg7 19. exf5 Bxf5 20. Ng3 Qd6 21. Bxf5
gxf5 22. Qg5+ Qg6 23. Nxf5+ Kh8 24. Qxg6 hxg6 25. Ne3 Rf4 26. Rbc1 Kg7 27. g3
Rd4 28. Rfd1 Rf8 29. Kf2 Rc8 30. Ke2 Rh8 31. h4 Re8 32. Rh1 Nb7 33. h5 Nd6 34.
hxg6 Kxg6 35. Rh3 Nf7 36. Rch1 a6 37. Rb1 Rb8 38. a4 Nd6 39. Rbh1 Nf7 40. Rb1
Nd6 41. Rc1 Rf8 42. Rc2 Nf7 43. Rb2 Rb8 44. Rh1 Nd6 45. Rhb1 b5 46. axb5 axb5
47. cxb5 Rb6 48. Rc2 Nxb5 49. Rbc1 Rb4 50. Rxc5 Nd4+ 51. Kd3 Nxf3 52. Rc6+ Kg5
53. Rxb6 e4+ 54. Kc3 Rxb6 55. Kc4 Rb8 56. d6 Rc8+ 57. Kd5 Rd8 58. Ke6 Nd4+ 59.
Ke7 Rh8 60. Rc5+ Kg6 61. d7 Rh7+ 62. Kd6 Rh8 63. Rc8 Nb5+ 64. Kc5 Rh5+ 65. Kb6
Nd6 66. Rg8+ Kf7 67. d8=Q Rb5+ 68. Ka6 Ra5+ 69. Qxa5 1-0